|
|
|
|
| LEADER |
00743nam a2200193 i 4500 |
| 001 |
c000010682 |
| 003 |
CARM |
| 005 |
00000000000000.0 |
| 008 |
870303s1935 enk 0 eng d |
| 019 |
1 |
|
|a 25002110
|z 5219385
|5 LACONCORD2021
|
| 035 |
|
|
|a (OCoLC)2124173
|5 LACONCORD2021
|
| 100 |
1 |
|
|a Durbin, E. F. M.
|q (Evan Frank Mottram),
|d 1906-1948.
|
| 245 |
0 |
4 |
|a The problem of credit policy.
|
| 260 |
|
|
|a London :
|b Chapman & Hall,
|c [1935].
|
| 300 |
|
|
|a 267p. :
|b diagrams and appxs.
|
| 650 |
|
0 |
|a Monetary policy.
|
| 852 |
8 |
|
|b CARM
|h A2:AF14B0
|i B01721
|p 0075900
|f BK
|
| 999 |
f |
f |
|i d3ef4a3f-703e-5780-89dc-b67d268b1b46
|s cc516aa1-ecc7-539c-89c9-5a53fda599c1
|
| 952 |
f |
f |
|p Can circulate
|a CAVAL
|b CAVAL
|c CAVAL
|d CARM 1 Store
|e B01721
|f A2:AF14B0
|h Other scheme
|i book
|m 0075900
|